000 00455nam a2200205Ia 4500
001 13140
003 GE_BSU
008 181216s||||||||xx |||||||||||||| ||und||
020 _a0340601043
040 _cGE_BSU
080 _a821.111-312.4
100 _aMeade,Glenn.
245 _aBrandenburg.
260 _aLondon.
260 _bCoronet Books.Hodder and stoughton.
260 _c1994
300 _a678p;18cm.
653 _aBrandenburg.
942 _cBK
999 _c46304
_d46304